| 000 | 00000nam 2200000zi 4500 |
| 001 | 9.940596 |
| 003 | CaOODSP |
| 005 | 20240820082310 |
| 006 | m o d f |
| 007 | cr |n||||||||| |
| 008 | 240715s1981 onc o f000 0|fre d |
| 040 | |aCaOODSP|bfre|cCaOODSP|erda |
| 043 | |an-cn-on |
| 086 | 1 |aRE24-23/1981F-PDF |
| 245 | 00|aEntente de développement rural Nord-Ontarien : |bune entente auxiliaire en vertu de l'entente-cadre de développement Canada-Ontario signée le 2 mars, 1981. |
| 246 | 33|aEntente auxiliaire Canada-Ontario sur le développement rural du Nord |
| 264 | 1|a[Ottawa] : |b[Expansion économique régionale], |c[1981] |
| 300 | |a1 ressource en ligne (31 pages, 3 pages, 1 page) |
| 336 | |atexte|btxt|2rdacontent/fre |
| 337 | |ainformatique|bc|2rdamedia/fre |
| 338 | |aressource en ligne|bcr|2rdacarrier/fre |
| 500 | |aÉdition numérisée de l'imprimé [par Innovation, Sciences et Développement économique Canada]. |
| 500 | |aPublié aussi en anglais sous le titre : Northern Ontario rural development agreement : a subsidiary agreement to the Canada-Ontario General Development Agreement signed March 2, 1981. |
| 650 | 6|aDéveloppement rural|zOntario (Nord) |
| 650 | 6|aAménagement du territoire|zOntario (Nord) |
| 650 | 6|aAide au développement économique régional|zOntario (Nord) |
| 650 | 6|aRelations fédérales-provinciales (Canada)|zOntario (Nord) |
| 710 | 1 |aCanada. |bMinistère de l'expansion économique régionale, |eorganisme de publication. |
| 775 | 08|tNorthern Ontario rural development agreement : |w(CaOODSP)9.898047 |
| 856 | 40|qPDF|s630 Ko|uhttps://publications.gc.ca/collections/collection_2024/isde-ised/re24/RE24-23-1981-fra.pdf |